Country By Fascinating Fact #2 - Statistics

General Stats
  • This quiz has been taken 53 times
  • The average score is 11 of 15
Answer Stats
Fascinating Fact Country % Correct
Home of Diego Maradona one of the best soccer players of all time Argentina
98%
Home to Uluru, or Ayers Rock Australia
94%
Men and women in this East Asian nation can only choose between 15 state-approved haircuts North Korea
89%
Home to the holiest Islamic city Saudi Arabia
87%
The birthplace of the author of “Don Quixote” Spain
85%
Produces the world’s best long-distance runners Kenya
81%
This country is north of the world’s longest unprotected border Canada
79%
Kimchi and rice are the two most important foodstuffs of this country South Korea
79%
Invented the world’s first writing system, called cuneiform, from 3500-3000 BC Iraq
66%
Rock music legend Freddie Mercury of Queen was born here Tanzania
62%
The largest petroglyph in the world can be found in this African nation Niger
60%
The humble but delicious bagel was invented in this European country Austria
53%
This West African nation is home to the largest church in the world Ivory Coast
45%
Has the oldest known university in the world Morocco
40%
Along with Liberia and the United States, this country does not use the metric system Myanmar
38%
No matching quizzes found
Score Distribution
Percent of People with Each Score
Percentile by Number Answered
Your Score History
You have not taken this quiz